000 00801nam a22002897a 4500
001 BR7401107
003 BR-BrBNA
005 20230928084548.0
007 ta
008 230509b bl.||||| |||| 00| 0 por d
040 _aBR-BrBNA
_bpor
_cBiblioteca Nacional de Agricultura
041 _a(Por)
072 _aE70; F00
_b2110
090 _ 2110 BR7401107 OBR
100 1 _aAlmeida, M.C. du P. e
110 1 _aSociedade Nacional de Agricultura, Rio de Janeiro, GB (Brasil)
_99932
245 1 _aNotas acerca da producção e o commercio do cacau
260 3 _aRio de Janeiro, GB (Brasil):
_c1917.
300 _a21 p.
500 _aOBRA RARA
650 _aCACAU
650 _aPRODUÇÃO
650 _aEXPORTACAO
650 _aCONSUMO
909 _a202309
_bLucia
_c55
_dLucia Elande
942 _cBK
999 _c19758
_d19758